00516nam a2200193Ia 4500003000400000005001700004008004100021020001500062040001800077041000800095082002000103100002100123245006200144250001200206260003800218300002700256650002100283650001800304OSt20241212084815.0210716s1998 xx 000 0 und d a0553840231 cAIMIT LIBRARY aeng a152.4 21bGOLD aGoleman, Daniel. aWorking with emotional intelligence /cBy Daniel Goleman. a1st ed. aNew York :bBantam books ;c1998. axii,464p. ;bPBc17cm. aBeyond expertise aPeople skills